|
|
|
|
| LEADER |
01404nam a2200361Ia 4500 |
| 001 |
EBC178124 |
| 003 |
MiAaPQ |
| 005 |
20200520144314.0 |
| 006 |
m o d | |
| 007 |
cr cn||||||||| |
| 008 |
920226s1994 enka sb 001 0 eng d |
| 010 |
|
|
|z 92007431
|
| 020 |
|
|
|z 0415081793
|
| 035 |
|
|
|a (MiAaPQ)EBC178124
|
| 035 |
|
|
|a (Au-PeEL)EBL178124
|
| 035 |
|
|
|a (CaPaEBR)ebr5002861
|
| 035 |
|
|
|a (CaONFJC)MIL37396
|
| 035 |
|
|
|a (OCoLC)264477338
|
| 040 |
|
|
|a MiAaPQ
|c MiAaPQ
|d MiAaPQ
|
| 050 |
|
4 |
|a HC800
|b .T37 1994
|
| 082 |
0 |
4 |
|a 339.5/0967
|2 20
|
| 100 |
1 |
|
|a Tarp, Finn,
|d 1951-
|
| 245 |
1 |
0 |
|a Stabilization and structural adjustment
|h [electronic resource] :
|b macroeconomic frameworks for analysing the crisis in sub-Saharan Africa /
|c Finn Tarp.
|
| 260 |
|
|
|a London ;
|a New York :
|b Routledge,
|c 1994.
|
| 300 |
|
|
|a xvi, 212 p. :
|b ill.
|
| 504 |
|
|
|a Includes bibliographical references (p. 194-204) and index.
|
| 533 |
|
|
|a Electronic reproduction. Ann Arbor, MI : ProQuest, 2015. Available via World Wide Web. Access may be limited to ProQuest affiliated libraries.
|
| 546 |
|
|
|a English.
|
| 650 |
|
0 |
|a Economic stabilization
|z Africa, Sub-Saharan.
|
| 650 |
|
0 |
|a Structural adjustment (Economic policy)
|z Africa, Sub-Saharan.
|
| 655 |
|
4 |
|a Electronic books.
|
| 710 |
2 |
|
|a ProQuest (Firm)
|
| 856 |
4 |
0 |
|u https://ebookcentral.proquest.com/lib/matrademy/detail.action?docID=178124
|z Click to View
|